Symphonies Nos. 1 & 2 (Record n. 103686)
[ formato base ]
| 000 -LEADER | |
|---|---|
| fixed length control field | 00993njm a2200301Ia 4500 |
| 001 - CONTROL NUMBER | |
| control field | C4532 |
| 003 - CONTROL NUMBER IDENTIFIER | |
| control field | IT-RoPAU |
| 005 - DATE AND TIME OF LATEST TRANSACTION | |
| control field | 20220918181210.0 |
| 008 - FIXED-LENGTH DATA ELEMENTS--GENERAL INFORMATION | |
| fixed length control field | 131025s9999 xx 000 0 und d |
| 040 ## - CATALOGING SOURCE | |
| Original cataloging agency | IT-RoPAU |
| 040 ## - CATALOGING SOURCE | |
| Transcribing agency | IT-RoPAU |
| 999 ## - SYSTEM CONTROL NUMBERS (KOHA) | |
| Koha Dewey Subclass [OBSOLETE] | n.d. |
| 100 ## - MAIN ENTRY--PERSONAL NAME | |
| Personal name | Beethoven Ludwig Van |
| 9 (RLIN) | 30009 |
| 100 ## - MAIN ENTRY--PERSONAL NAME | |
| Relator term | Autore musica |
| 9 (RLIN) | 30010 |
| 100 ## - MAIN ENTRY--PERSONAL NAME | |
| Miscellaneous information | Codice autore musica SPICS: 10721 |
| 9 (RLIN) | 30011 |
| 245 ## - TITLE STATEMENT | |
| Title | Symphonies Nos. 1 & 2 |
| 250 ## - EDITION STATEMENT | |
| Edition statement | 1a ed. |
| 260 ## - PUBLICATION, DISTRIBUTION, ETC. (IMPRINT) | |
| Place of publication, distribution, etc. | ITALIA |
| 260 ## - PUBLICATION, DISTRIBUTION, ETC. (IMPRINT) | |
| Name of publisher, distributor, etc. | DDD - DROGUERIA DI DRUGOLO |
| Date of publication, distribution, etc. | 1986 [1a Ed.:1986] |
| 300 ## - PHYSICAL DESCRIPTION | |
| Extent | COMPACT DISC |
| 300 ## - PHYSICAL DESCRIPTION | |
| Dimensions | 63 minuti (Testo: 0 pag.) |
| 500 ## - GENERAL NOTE | |
| General note | Musica classica, sinfonica. |
| 505 ## - FORMATTED CONTENTS NOTE | |
| Formatted contents note | Symphony n. 2 in d major op. 36 - Symphony n. 1 in c major op.21 |
| 511 ## - PARTICIPANT OR PERFORMER NOTE | |
| Participant or performer note | English Chamber Orchestra diretta da Michael Tilson Thoma |
| 650 ## - SUBJECT ADDED ENTRY--TOPICAL TERM | |
| Topical term or geographic name as entry element | SINFONICA [COMPACT DISC] |
| Relator term | Codice MATERIA SPICS: 9949 |
| 9 (RLIN) | 16800 |
| 700 ## - ADDED ENTRY--PERSONAL NAME | |
| Personal name | Tilson Thomas Michael |
| Miscellaneous information | Codice interprete SPICS: 41249 |
| Relator term | Interprete |
| 9 (RLIN) | 30012 |
| 942 ## - ADDED ENTRY ELEMENTS (KOHA) | |
| Koha item type | CD AUDIO |
| Source of classification or shelving scheme | Dewey Decimal Classification |
| Withdrawn status | Lost status | Damaged status | Not for loan | Home library | Current library | Date acquired | Total Checkouts | Full call number | Date last seen | Price effective from | Koha item type | Public note |
|---|---|---|---|---|---|---|---|---|---|---|---|---|
| Buone Condizioni | Not For Loan | SPICS-MEDIATECA | SPICS-MEDIATECA | 25/10/2013 | C4532 | 25/10/2013 | 25/10/2013 | CD AUDIO | Progr. Ins.: 1246 / N.Vol.: 1 / Copie: 1 - Copia rara: n.d. / date import: 01.01.2014 - By Epidotti, Trombetti, Vaglietti |